How Many Abraham Lincolns? - Statistics

General Stats
  • This quiz has been taken 44 times
    27 since last reset
  • The average score is 7 of 15
Answer Stats
Question Answer % Correct
In the (Lincoln) Memorial Stadium, at the University of Nebraska-Lincoln, what is the regulation length of the field? 48 Abraham Lincolns
75%
What was the distance between the Union Capital (Washington DC) and the Confederate Capital (Richmond, VA)? 90 kiloLincolns
75%
What is the diameter of the Lincoln Log (toy logs that can be used to make small log houses, similar in size to a Lego brick)? About 1 centi-Lincoln
75%
How many kiloLincolns is the Lincoln Tunnel that connects New York to New Jersey under the Hudson River? About a kiloLincoln
75%
What is the land area of Lincoln, Nebraska, in squabes? A square Abraham Lincoln, or squabe, is 1 Abraham Lincoln x 1 Abraham Lincoln. 110 million squabes
50%
How tall is the White House? 11 Abraham Lincolns
50%
How tall is Mount Lincoln, of the Colorado Rocky Mountains? 2,257 Abraham Lincolns
50%
How wide, east to west, is Kentucky, Lincoln's state of birth? 331 kiloLincolns
50%
In nautical Lincolns, how long is the Lincoln Memorial Reflecting Pool (the site of MLK's most famous speech)? Remember, Abraham Lincoln wears his stovepipe hat when seabound, so a nautical Lincoln, which includes his hat, is used when measuring water. 79 nautical Lincolns
50%
How tall was the tallest American president? 1.000 Abraham Lincolns
25%
How tall is the Lincoln Memorial? 15 Abraham Lincolns
25%
How long is the 2022 Lincoln Continental sedan automobile? 2.65 Abraham Lincolns
25%
How tall is Abraham Lincoln's face on Mount Rushmore? 9 Abraham Lincolns
25%
How long is the transcontinental Lincoln Highway in mega-Lincolns (1 mega-Lincoln is equal to 1,000,000 Lincolns)? 2.826 mega-Lincolns
0%
A Linchronological Unit (LcU) is equal to Abraham Lincoln's lifespan. About how long ago was the birth of Abraham, the Hebrew patriarch of the Abrahamic religion? 68 LcU
0%
No matching quizzes found
Score Distribution
Percent of People with Each Score
Percentile by Number Answered
Your Score History
You have not taken this quiz since the last reset